Central Library OPAC University of Rajshahi
Normal view MARC view

Entry Topical Term

Number of records used in: 2

001 - CONTROL NUMBER

  • control field: 17430

003 - CONTROL NUMBER IDENTIFIER

  • control field: BD-RjUL

005 - DATE AND TIME OF LATEST TRANSACTION

  • control field: 20251202111929.0

008 - FIXED-LENGTH DATA ELEMENTS

  • fixed length control field: 251202|| aca||aabn | a|a d

040 ## - CATALOGING SOURCE

  • Original cataloging agency: BD-RjUL
  • Transcribing agency: BD-RjUL

150 ## - HEADING--TOPICAL TERM

  • Topical term or geographic name entry element: Islamic sects
  • Form subdivision: Shi‘a–Sunni polemics / Comparative theology

670 ## - SOURCE DATA FOUND

  • Source citation: Work cat.: (BD-RjUL)86015: دهلوی، شاه عبدالعزیز ;; Dehlvi, Shah Abdul Aziz 17429, هديه مجيديه (ترجمه) تحفهء اثناعشريه ;;; Hidayah Majidiyah (Translation) Tahfa Athna Ashariyah /, 1935